Statistics for Guess the Taylor Swift song no hints #59

Click here to take the quiz!

General Stats

  • This quiz has been taken 31 times
  • The average score is 334 of 393

Answer Stats

Answer% Correct
a
100%
A
100%
an
100%
and
100%
And
100%
Do
100%
I
100%
know
100%
love
100%
me
100%
me)
100%
what
100%
you
100%
You
100%
don't
96%
in
96%
the
96%
we
96%
We
96%
Who
96%
all
93%
as
93%
at
93%
but
93%
for
93%
For
93%
if
93%
is
93%
it
93%
it?
93%
it's
93%
My
93%
my
93%
of
93%
(say
93%
say
93%
they
93%
to
93%
To
93%
too
93%
were
93%
would
93%
your
93%
You're
93%
(you're
93%
you're
93%
(You're
93%
be
89%
cause
89%
Cause
89%
(cause
89%
from
89%
have
89%
How
89%
I'm
89%
loved
89%
or
89%
out
89%
see
89%
was
89%
with
89%
can
85%
can't
85%
could
85%
Every
85%
just
85%
now
85%
Now
85%
only
85%
that
85%
this
85%
wouldn't
85%
best
81%
did
81%
down
81%
far
81%
got
81%
(got
81%
heart
81%
her
81%
thing
81%
time
81%
wanted
81%
won't
81%
Always
78%
babe
78%
back
78%
come
78%
dark
78%
even
78%
eyes
78%
gave
78%
gone
78%
nothing)
78%
nothing
78%
(stop
78%
(stop)
78%
stop)
78%
Stop
78%
tell
78%
army
74%
bleed
74%
bring
74%
everything
74%
Fighting
74%
find
74%
ignore
74%
keep
74%
life?
74%
light
74%
Lose
74%
losing
74%
might
74%
part
74%
sad
74%
someone
74%
something
74%
something)
74%
thought
74%
tired
74%
understand
74%
until
74%
admit
70%
anymore
70%
bravest
70%
dying
70%
endless
70%
face
70%
fear
70%
Frontlines
70%
getting
70%
hallway
70%
long
70%
looking
70%
marry
70%
pathological
70%
people
70%
pleaser
70%
pulse
70%
Remember
70%
room
70%
running
70%
sick
70%
sit
70%
song
70%
start
70%
thinking
70%
through
70%
throw
70%
Til
70%
tried
70%
wonder
70%
air
67%
ashes
67%
believe
67%
bit
67%
blow
67%
built
67%
Choose
67%
choosing
67%
cure
67%
either
67%
empathy
67%
final
67%
gashes
67%
glared
67%
indecision
67%
loss
67%
Mending
67%
morning
67%
nails
67%
pain
67%
phoenix
67%
quick
67%
rising
67%
risk
67%
soldier
67%
storms
67%
such
67%
thick
67%
Unless
67%
dealt
63%
gray
63%
imposition
63%
me's
63%
sent
63%
signals
63%
fading
59%

Score Distribution

Percentile by Number Answered

Percent of People with Each Score

Your Score History

You have not taken this quiz